00899nam a22002657a 4500999001500000001000600015003000900021005001700030008004100047020001500088020001500103040002800118082001700146245008200163250001300245260004600258300003100304504005100335650002800386650005200414700001900466700001900485942001500504952011400519 c4018d401818516BD-DhUAP20200316144950.0200316s20041998mau b 001 0 eng d a1405106956 a1405106964 aDLCcDLCdBD-DhUAPbEng00223a801 LIT 00aLiterary theory : ban anthology / cedited by Julie Rivkin and Michael Ryan. a2nd ed.  aMalden, Mass. :bBlackwell,c1998 [2004]. axxii, 1130 pages ;c23 cm. aIncludes bibliographical references and index. 0aLiteraturexPhilosophy. 0aLiteraturexHistory and criticismxTheory, etc.1 aRivkin, Julie.1 aRyan, Michael.00012ddccBK 00102ddc4070aUAPCLbUAPCLcGeneral Stacksd2020-03-16o801 LITp3010018516r2020-03-16t1w2020-03-16yBK